| 000 | 00536nam a2200181Ia 4500 | ||
|---|---|---|---|
| 999 |
_c32473 _d32473 |
||
| 003 | OSt | ||
| 005 | 20200806114452.0 | ||
| 008 | 190216s9999||||xx |||||||||||||| ||und|| | ||
| 020 | _a9780486417417 | ||
| 040 | _coclc | ||
| 082 |
_a511.5 _bGRO/T |
||
| 100 |
_aGross, Jonathan L _94003 |
||
| 245 | 0 |
_aTopological Graph Theory / _cJonathan L Gross ; Thomas W Tucker |
|
| 260 |
_bDover Publications, _c2001. _aNew York: |
||
| 300 | _a361p | ||
| 650 | _aMathe Matics | ||
| 942 |
_cBK _2ddc _h511.5 _iGRO/T _k511.5 _mGRO/T |
||